Ipswich Town Premier League XIs - Statistics

General Stats
  • This quiz has been taken 139 times
    54 since last reset
  • The average score is 18 of 66
Answer Stats
Position Answer % Correct
ST Liam Delap
85%
CAM Omari Hutchinson
70%
RB Axel Tuanzebe
64%
DM Sam Morsy
61%
GK Arijanet Muric
58%
LB Leif Davis
58%
MF Gavin Johnson
52%
CB Dara O'Shea
48%
CB Jacob Greaves
45%
DM Jens Cajuste
42%
MF Jermaine Wright
42%
MF Jermaine Wright
42%
GK Richard Wright
42%
LW Sam Szmodics
42%
RW Wes Burns
39%
MF John Wark
36%
DF John Wark
36%
DF John Wark
36%
ST Marcus Bent
30%
ST Marcus Stewart
30%
MF Steve Palmer
30%
MF Matt Holland
27%
MF Matt Holland
27%
ST Chris Kiwomya
24%
ST Chris Kiwomya
24%
GK Craig Forrest
24%
GK Craig Forrest
24%
MF Geraint Williams
24%
MF Geraint Williams
24%
MF Geraint Williams
24%
DF David Linighan
21%
DF David Linighan
21%
DF David Linighan
21%
MF Jim Magilton
21%
GK Clive Baker
18%
DF Fabian Wilnis
18%
DF Hermann Hreiðarsson
18%
DF Hermann Hreiðarsson
18%
DF Mark Venus
18%
GK Matteo Sereni
18%
DF Neil Thompson
18%
DF Neil Thompson
18%
ST Alun Armstrong
15%
ST Ian Marshall
15%
ST Ian Marshall
15%
ST James Scowcroft
15%
MF Jamie Clapham
15%
MF Jamie Clapham
15%
MF Jason Dozzell
15%
DF John McGreal
15%
DF John McGreal
15%
MF Mick Stockwell
15%
MF Mick Stockwell
15%
MF Simon Milton
15%
DF Chris Makin
12%
DF Chris Makin
12%
DF Claus Thomsen
12%
MF Finidi George
12%
DF Frank Yallop
12%
MF Steve Sedgley
12%
MF Stuart Slater
12%
MF Stuart Slater
12%
DF Phil Whelan
9%
DF Phil Whelan
9%
ST Steve Whitton
9%
DF Tony Vaughan
6%
No matching quizzes found
Score Distribution
Percent of People with Each Score
Percentile by Number Answered
Your Score History
You have not taken this quiz since the last reset